Udomácni sa EDI na Slovensku?

Skvalitnenie toku informácií pomocou EDI (Electronic Data Interchange - elektronická výmena dokumentov). Kritériá, ktoré musí EDI spĺňať. Základné prednosti systému a možnosti využitia. Projekt použitia EDI v bankovníctve SR.

Guardado en:
Detalles Bibliográficos
Formato: Capítulo de libro
Lenguaje:eslovaco
Materias:
Etiquetas: Agregar Etiqueta
Sin Etiquetas, Sea el primero en etiquetar este registro!

MARC

LEADER 00000naa a2200000 4500
001 r019359
005 20221213100008.2
041 0 |a slo 
044 |a SK 
245 1 0 |a Udomácni sa EDI na Slovensku? 
520 |a Skvalitnenie toku informácií pomocou EDI (Electronic Data Interchange - elektronická výmena dokumentov). Kritériá, ktoré musí EDI spĺňať. Základné prednosti systému a možnosti využitia. Projekt použitia EDI v bankovníctve SR. 
610 2 0 |a Slovensko 
610 2 0 |a tok informácií 
610 2 0 |a EDI 
610 2 0 |a bankovníctvo 
610 2 0 |a technológie nové 
610 2 0 |a prenos dát 
610 2 0 |a dokumenty